| 000 | 00799nam a22002777a 4500 | ||
|---|---|---|---|
| 001 | 002563 | ||
| 003 | DO-SdBNP | ||
| 005 | 20180223131524.0 | ||
| 007 | 002563 | ||
| 008 | 160517 2006 sp a 0 spa d | ||
| 020 | _a8477206856 | ||
| 040 |
_aBPMSU _bspa _cBPMSU |
||
| 082 | 4 |
_axxx _bxxx |
|
| 100 | 1 | _aFisher, Robert | |
| 245 | 1 | 3 |
_aEl búho que no podía ulular / _cRobert Ficher y Beth Kelly ; traducción Verónica d´Ornellas |
| 250 | _a36a. ed. | ||
| 260 |
_aSanto Domingo : _bEdiciones Obelisco, _c2006. |
||
| 300 |
_a99 p. : _bil. ; _c21 cm. |
||
| 490 | 0 | _aNueva conciencia | |
| 700 | 1 | _aKelly, Beth | |
| 700 | 1 |
_ad´Ornellas, Verónica _etrad. |
|
| 830 | 0 | _aNueva conciencia | |
| 942 |
_2ddc _cBK |
||
| 945 | _aInventariado, 2018/ YL | ||
| 956 |
_aVMATEO _b10 _c20160517 _dBPMSU _f0069 |
||
| 999 |
_c10152 _d10152 |
||